00695 2200181 4500245005600000020002200056250001100078100001800089700001900107650000800126005001900134260004000153041001400193084001000207300002800217500025900245336000900504 aKPK b : Berdiri untuk NegericArin SwandarihText a978-602-412-633-9 aCet. 1 aArin Swandari aFlorentina Rea aKPK a20241016112052 aJakartabPenerbit Buku Kompasc2019 aIndonesia a353.4 axxvi, 278 hlm. :cilus. aKetika langkah antikorupsi terus-menerus gagal karena ditelikung pusat-pusat kekuasaan yang mendapat keuntungan dari keadaan koruptif, KPK dibentuk dengan tekad dan cara perjuangan yang baru. Sejarah terbentuknya KPK, disajikan lengkap di dalam buku ini. atext